[Event "XVIII Najdorf Open 2018"]
[Site "Warsaw"]
[Date "2018.07.10"]
[Round "3"]
[White "Sengupta, Deep"]
[Black "Sliwicka, Alicja"]
[Result "1-0"]
[WhiteElo "2565"]
[BlackElo "2277"]
[Annotator "TA"]
[PlyCount "79"]
[EventDate "2018.07.08"]
[EventCountry "POL"]
[SourceTitle "playchess.com"]
[Source "ChessBase"]
[SourceQuality "1"]

{[%evp 24,79,41,45,58,46,53,37,43,33,33,32,60,27,37,27,59,13,96,0,0,0,23,0,0,-4,0,24,370,360,356,362,411,371,485,524,572,570,561,553,539,516,469,428,487,488,468,466,408,343,12837,12837,12838,12838,12839,12838,12838,12837]} 1. e4 e5 2. Nf3 Nc6 3. Nc3 Nf6 4. Bb5 Bb4 5. O-O O-O 6. d3 {[%cal Bd2d3,Bd3d4][%mdl 32]} Bxc3 7. bxc3 d6 8. Bg5 Qe7 9. Re1 Nd8 10. d4 Ne6 11. Bd2 {C49: Four Knights: 4 Bb5 Bb4} c5 12. Bf1 Nc7 13. h3 {LiveBook: 3 Games. White is slightly better.} b6 14. d5 Nfe8 15. c4 f5 16. exf5 Bxf5 {[#]} 17. a4 $146 ({Predecessor:} 17. g4 Bg6 18. Bg2 h6 {0-1 (63) Shyam,S (2526)-Bachmann,A (2649) Biel 2016}) 17... Qf7 18. Ra3 h6 19. Rae3 a6 20. Bc3 b5 (20... Bh7 $11) 21. Nh4 ({Don't play} 21. cxb5 axb5 22. Bxb5 Nxd5 $15) (21. Bxe5 $16 {Strongly threatening Bg3.} dxe5 22. Nxe5) 21... Bh7 $1 $11 22. Rf3 Nf6 23. axb5 axb5 24. cxb5 Ra4 25. Nf5 Qd7 $2 {[%mdl 8192] [#]} (25... Bxf5 $1 $11 {and Black stays safe.} 26. Rxf5 Ncxd5) 26. Nxd6 $1 $18 {[%mdl 512]} Qxd6 27. Bxe5 Qd7 28. c4 Raa8 29. Bxf6 Rxf6 30. Rxf6 gxf6 31. d6 Ne6 32. Qd5 Re8 33. Qc6 Qxc6 34. bxc6 {[%cal Bb5c6,Bc6c7][%mdl 32]} Kf7 35. Be2 {Hoping for Bh5+.} Bg6 36. Bf3 {And now Bd5 would win.} Ng5 $2 (36... Nd4 37. Bd5+ Kf8) 37. Bd5+ {White is clearly winning.} Kf8 38. Rxe8+ Bxe8 39. c7 Bd7 {[#]} 40. Bc6 $1 {[%mdl 512] Precision: White = 68%, Black = 40%.} 1-0

[Event "XVIII Najdorf Open 2018"]
[Site "Warsaw"]
[Date "2018.07.10"]
[Round "3"]
[White "Markowski, Tomasz"]
[Black "Baum, Jonasz"]
[Result "1-0"]
[WhiteElo "2561"]
[BlackElo "2272"]
[Annotator "TA"]
[PlyCount "107"]
[EventDate "2018.07.08"]
[EventCountry "POL"]
[SourceTitle "playchess.com"]
[Source "ChessBase"]
[SourceQuality "1"]

{[%evp 29,107,20,15,-7,-12,-14,46,13,12,16,25,0,51,35,65,3,10,6,41,41,41,49,56,37,50,50,131,140,319,312,297,306,286,270,264,216,325,331,318,208,266,283,310,301,434,433,400,413,827,801,842,836,1310,808,4702,660,623,611,1624,1610,1578,1577,1564,1410,1093,856,1870,1533,29980,1268,29980,29981,29981,29982,29982,29983,29983,29984,29990,29991]} 1. d4 d5 2. Nf3 Nf6 3. g3 e6 4. Bg2 Nbd7 5. O-O Be7 6. c4 dxc4 7. Qa4 a6 8. Qxc4 b5 9. Qc6 Rb8 10. Bg5 Bb7 11. Qc2 O-O 12. Nbd2 Rc8 13. Bxf6 Nxf6 14. Nb3 Be4 15. Qc3 Nd5 {LiveBook: 93 Partien. E05: Katalanisch} 16. Qc6 (16. Qc1 c5 17. Nxc5 Bxc5 18. dxc5 Qe7 19. Qd2 Rxc5 20. Rfc1 Rfc8 21. Rxc5 Qxc5 22. Ne1 Bxg2 23. Kxg2 h6 24. e4 {½-½ (32) Izoria,Z (2594)-Shankland,S (2674) Burlingame 2017}) 16... Qd6 17. Qc1 Qb4 $146 ({Besser ist} 17... Nb6 $11) ({Vorgänger:} 17... Nb4 18. Ne1 Bd5 19. Qd1 Bxb3 20. axb3 c5 21. dxc5 Qxd1 22. Rxd1 Rxc5 23. Rd2 {½-½ (33) Tosic,M (2497)-Brenjo,S (2445) Jahorina 2001}) 18. Nfd2 Bxg2 19. Kxg2 Rfd8 20. Qc6 Nb6 (20... Qd6 $11 21. Rfc1 e5) 21. Rac1 $14 e5 22. a3 (22. e3 $1 $14) 22... Qd6 $11 23. e3 Nc4 (23... Na4 {keeps more tension.} 24. Ne4 Qd5 25. Qxd5 Rxd5 26. Rc2 exd4 27. exd4 f5) 24. Qxd6 cxd6 25. Nxc4 bxc4 26. Nd2 exd4 27. Nxc4 d5 (27... Bg5 $14) 28. Ne5 $16 {Sc6 ist eine echte Drohung.} dxe3 $2 {[#]} (28... Kf8 $16 {war nötig.}) 29. Nc6 $18 ({Und nicht} 29. fxe3 Rxc1 30. Rxc1 Bg5 $11) 29... Bf6 30. Nxd8 Rxd8 {[%mdl 4096] Endspiel KTT-KTL} 31. Rc2 ({Auf keinen Fall} 31. fxe3 $6 Bxb2 32. Rc7 f6 $18) 31... exf2 32. Rfxf2 ({Finger weg von} 32. Kxf2 $6 g6 $16) (32. Rcxf2 $6 h6 $16) 32... h6 (32... d4 $142 33. Rc6 a5) 33. b4 d4 34. Rf3 Kf8 35. Kf1 Ke7 36. Rc6 Rd6 (36... Ra8 $142 37. Rc7+ Kd6 38. Rxf7 a5) 37. Rxd6 Kxd6 {KT-KL} 38. Ke2 Kc6 (38... Ke5 $142 39. Kd3 Ke6) 39. Kd3 Kb5 40. Rf5+ Kb6 41. a4 Be7 42. Kc4 (42. a5+ $142 Kc6 {[#]} 43. b5+ $1 {[%mdl 512]} axb5 44. a6) 42... d3 43. Rd5 a5 44. bxa5+ Ka6 45. Kxd3 Bf6 46. Kc4 Bg5 47. Rd7 f5 48. Rxg7 f4 49. Kb4 (49. h4 $142 Bd8 50. gxf4 Bxh4 51. Rh7 Kxa5 52. Rxh6 Be7 53. Re6 Ba3 54. f5) 49... fxg3 50. Rg6+ {Weiß setzt Matt.} Ka7 51. hxg3 Bd2+ 52. Kb5 h5 53. a6 Be1 54. Rg7+ {Precision: Weiß = 66%, Schwarz = 16%.} 1-0

[Event "XVIII Najdorf Open 2018"]
[Site "Warsaw"]
[Date "2018.07.10"]
[Round "3"]
[White "Rozentalis, Eduardas"]
[Black "Nowak, Kamil"]
[Result "1-0"]
[WhiteElo "2513"]
[BlackElo "2330"]
[Annotator "TA"]
[PlyCount "83"]
[EventDate "2018.07.08"]
[EventCountry "POL"]
[SourceTitle "playchess.com"]
[Source "ChessBase"]
[SourceQuality "1"]

{[%evp 24,83,66,60,126,114,127,117,108,102,106,108,105,91,93,88,96,100,91,104,103,93,99,97,112,107,192,155,166,166,168,160,205,197,206,204,199,194,200,202,377,368,542,524,606,553,645,592,926,889,864,822,1236,1069,2320,874,5143,5114,2888,3847,29987,29987]} 1. e4 e6 2. d4 d5 3. Nd2 dxe4 4. Nxe4 Nd7 5. Nf3 Ngf6 6. Bd3 Be7 7. Qe2 O-O 8. Bg5 c5 9. dxc5 Nxc5 10. Nxc5 Qa5+ 11. c3 Qxc5 12. O-O-O a5 {C10: French with 3 Nc3: Unusual Black 3rd moves and 3...dxe4} 13. h4 {LiveBook: 3 Games} Re8 $146 (13... a4 $14) ({Predecessor:} 13... a4 14. a3 Ra5 15. Kb1 b6 16. Bxf6 Bxf6 17. Ng5 g6 18. Ne4 Qe7 19. Qe3 Rh5 20. g4 {½-½ (74) Vovk,Y (2600)-Galinsky,T (2365) Fagernes 2018}) 14. Ne5 $1 $16 a4 {White is better.} 15. a3 Qc7 16. Bc2 Ra5 17. f4 b6 18. Rhe1 Ba6 {[#]} 19. Qf3 $1 Bb7 20. Qg3 Rd5 21. Rxd5 Bxd5 22. Bxa4 Ra8 23. Bc2 $40 {[%mdl 128] Black is in trouble.} b5 24. Qd3 g6 (24... Bc4 $16 25. Qe3 (25. Nxc4 bxc4 26. Qd2 Rd8 $14) 25... Bd5) 25. g3 Bc4 26. Nxc4 bxc4 27. Qd4 Nd5 28. Bxe7 Nxe7 {[#]} 29. h5 $1 {[%cal Rh5h6][%mdl 512] aiming for h6.} Rd8 (29... gxh5 30. Qe4) 30. Qe5 Qxe5 31. Rxe5 ({Resist} 31. fxe5 $6 Rd5 $16) 31... Rd5 $2 (31... Nd5 32. hxg6 hxg6) 32. hxg6 hxg6 (32... fxg6 $142 33. Rxe6 Kf7) 33. Rxd5 $18 exd5 {[%mdl 4096] Endgame KB-KN} 34. Kd2 Kg7 35. Ke3 Kf6 36. Kd4 Ke6 37. Kc5 f6 38. a4 g5 39. a5 (39. fxg5 $142 fxg5 40. Bd1) 39... Kd7 40. fxg5 fxg5 41. Bd1 Ke6 42. Bg4+ {Precision: White = 85%, Black = 38%.} 1-0

[Event "XVIII Najdorf Open 2018"]
[Site "Warsaw"]
[Date "2018.07.10"]
[Round "3"]
[White "Klekowski, Maciej"]
[Black "Siekanski, Janusz"]
[Result "0-1"]
[WhiteElo "2511"]
[BlackElo "2269"]
[Annotator "TA"]
[PlyCount "138"]
[EventDate "2018.07.08"]
[EventCountry "POL"]
[SourceTitle "playchess.com"]
[Source "ChessBase"]
[SourceQuality "1"]

{[%evp 26,138,69,31,89,82,91,92,81,90,130,-66,-53,-72,-71,-50,-69,-100,-80,-94,-102,-87,-93,-157,-170,-167,-146,-254,-245,-261,-252,-283,-125,-274,-284,-423,-415,-504,-483,-502,-502,-483,-488,-464,-472,-780,-777,-776,-379,-339,-242,-242,-242,-242,-242,-242,-242,-245,-245,-247,-256,-327,-284,-564,-564,-854,-839,-854,-839,-839,-839,-839,-839,-839,0,-839,-839,-801,-762,-839,-636,-838,-800,-784,-756,-839,-528,-816,-802,-29948,-29951,-29950,-29949,-29951,-10865,-29955,-29955,-29961,-29961,-29962,-29964,-29964,-29965,-29947,-10167,-29963,-29965,-29974,-29975,-29975,-29976,-29975,-29976,-29976,-29976]} 1. e4 c5 2. Nf3 e6 3. d4 cxd4 4. Nxd4 Nf6 {[%cal Bg8f6,Bf6d7,Bd7e5,Be5c6][%mdl 32]} 5. Nc3 d6 6. g4 Nc6 7. g5 Nd7 8. Be3 Be7 9. h4 O-O 10. Qd2 Nde5 11. Be2 {B81: Sizilianisch (Keres-Angriff)} Nxd4 12. Qxd4 Nc6 13. Qd2 Qa5 (13... a6 14. O-O-O b5 {½-½ (14) Kosic,D (2500)-Drazic,S (2468) Durres 2013}) 14. O-O-O {LiveBook: 4 Partien} a6 $146 (14... Rb8 $14) ({Vorgänger:} 14... Rb8 15. Kb1 b5 16. Bd3 Bd7 17. f4 Rfc8 18. Ne2 Qxd2 19. Rxd2 {0-1 (35) Kubicka,A (2256)-Siekanski,J (2272) Marianske Lazne 2018}) 15. Bc4 $16 b5 {[#]} 16. Bb3 $1 Qc7 17. g6 Na5 18. gxf7+ $2 ({Lieber} 18. gxh7+ $16 Kxh7 19. h5) 18... Rxf7 $15 19. Bg5 Nxb3+ 20. axb3 Bf8 21. Qe2 Bb7 22. Rd4 Bc6 23. Rg1 Qb7 24. e5 (24. f3 $142) 24... Bf3 $17 25. Qe3 b4 {Und ...dxe5 würde nun gewinnen.} 26. Nd1 (26. exd6 $17 e5 27. Qxe5 bxc3 28. bxc3) 26... d5 $19 {...Lc5 ist eine echte Drohung.} 27. Rf4 Rxf4 28. Qxf4 {[#]} Be4 (28... Bh5 $1 $19 {ist viel giftiger.} 29. Kb1 Qc7) 29. f3 (29. h5 $17 {war die einzige Verteidigung.}) 29... Bg6 30. Rg2 (30. Qg4 $142 Qf7 31. Rg3) 30... a5 31. Qg4 Bf5 32. Qd4 a4 {Weiss muss nun ...axb3 beachten.} 33. bxa4 b3 34. Ne3 Bg6 35. Bf6 (35. Rg4 $142 bxc2 36. h5 Bxh5 37. Nxc2) 35... Qc6 36. Qc3 Qxc3 (36... Qxa4 $142 37. Rg4 Qa6 38. Rxg6 Qe2) 37. bxc3 Ba3+ 38. Kb1 {und wenn h5! ginge, stände Weiss gut.} Rb8 {( -> ...bxc2+)} 39. Rxg6 hxg6 {[%mdl 4096] Endspiel KTL-KLS} 40. Bg5 bxc2+ 41. Kxc2 Rb2+ 42. Kd3 Bc5 43. Nc2 Ra2 44. Nd4 $2 (44. a5) 44... Bxd4 45. cxd4 Rxa4 {KT-KL} 46. Ke3 Kf7 47. Bd8 Ke8 48. Bb6 Kd7 49. Bc5 Ke8 $2 (49... Ra8 $19 {zielt auf ...Th8 ab.} 50. Kf4 Ra2) 50. Kf4 $2 {[%mdl 8192]} (50. Bb6 $11 Ra1 51. Kf2) 50... Ra2 51. Bb4 Rg2 52. Bc5 Rd2 53. Kg5 Kf7 54. Kf4 Rd3 55. Kg4 Kg8 56. f4 Kh7 57. h5 gxh5+ 58. Kxh5 Rg3 59. Bd6 g6+ 60. Kh4 Rg1 61. Bc5 Kg7 62. Bd6 Kf7 63. Bb4 Ke8 64. Bd2 Kd7 65. Be3 Rg2 {Schwarz setzt Matt.} 66. Kh3 Re2 67. Bg1 Kc6 68. Kg3 Kb5 69. Kf3 Ra2 {Precision: Weiß = 32%, Schwarz = 74%.} 0-1

[Event "XVIII Najdorf Open 2018"]
[Site "Warsaw"]
[Date "2018.07.10"]
[Round "3"]
[White "Thybo, Jesper Sondergaard"]
[Black "Hollan, Petr"]
[Result "1-0"]
[WhiteElo "2497"]
[BlackElo "2260"]
[Annotator "ChessBase"]
[PlyCount "55"]
[EventDate "2018.07.08"]
[EventCountry "POL"]
[SourceTitle "playchess.com"]
[Source "ChessBase"]
[SourceQuality "1"]

1. Nf3 Nf6 2. c4 e6 3. g3 d5 4. Bg2 Be7 5. O-O O-O 6. d4 dxc4 7. Ne5 Nc6 8. Nxc6 bxc6 9. Na3 Bxa3 10. bxa3 Rb8 11. Qa4 Qxd4 12. Be3 Qb2 13. Qxc4 Nd5 14. Bxa7 Ra8 15. Bd4 Qd2 16. Rfd1 Qa5 17. Qxc6 Ra6 18. Qc1 Qa4 19. Qb2 f6 20. e4 Nb6 21. Bf1 Ra5 22. Bc3 Rh5 23. Qb4 Qc6 24. Be2 Rc5 25. Bd4 Qxe4 26. Bxc5 Qxe2 27. Bxf8 Bb7 28. Qe7 1-0

[Event "XVIII Najdorf Open 2018"]
[Site "Warsaw"]
[Date "2018.07.10"]
[Round "3"]
[White "Romanishin, Oleg M"]
[Black "Walter, Szymon"]
[Result "1/2-1/2"]
[WhiteElo "2440"]
[BlackElo "2296"]
[Annotator "TA"]
[PlyCount "68"]
[EventDate "2018.07.08"]
[EventCountry "POL"]
[SourceTitle "playchess.com"]
[Source "ChessBase"]
[SourceQuality "1"]

{[%evp 20,68,20,-4,22,19,36,13,35,34,53,51,44,45,44,9,35,39,43,34,52,11,22,10,25,20,31,8,30,10,18,12,13,22,18,0,0,0,0,0,0,0,9,3,10,0,12,0,11,0,14]} 1. Nf3 c5 2. g3 Nc6 3. Bg2 g6 4. c3 Bg7 5. d4 cxd4 6. cxd4 d5 7. Nc3 e6 8. O-O Nge7 9. b3 O-O 10. Ba3 {A04: Unusual lines after 1 Nf3 and King's Indian Attack} b6 11. e4 {LiveBook: 3 Games} (11. Rc1 Ba6 12. Qd2 Qd7 13. Rfd1 Rfc8 14. Rc2 Nf5 15. e3 Bf8 16. Bxf8 Kxf8 17. Bf1 Bxf1 18. Rxf1 {½-½ (38) So,W (2815)-Giri,A (2785) chess.com INT 2017}) 11... a5 $146 ({Predecessor:} 11... Re8 12. e5 a5 13. Re1 Ba6 14. Bf1 Bxf1 15. Kxf1 Nf5 16. Kg2 f6 17. exf6 Qxf6 {1-0 (46) Olafsson,H (2508)-Roberson,P (2412) chess.com INT 2018}) 12. exd5 exd5 13. Re1 Nb4 14. Ne5 Bb7 15. Qd2 Re8 16. Nb5 Nec6 {[%cal Rc6e5]} 17. Bb2 f6 18. Nf3 Qd7 19. a3 Na6 20. Rxe8+ Rxe8 21. Re1 Ne7 22. a4 Bc6 23. Bf1 Bf8 24. Ba3 Nf5 {The position is equal.} 25. Bxf8 Rxe1 26. Nxe1 {[#] Ba3 is the strong threat.} Kxf8 27. Qf4 {And now g4 would win.} Qe7 28. Nc2 Bxb5 29. Bxb5 Nc7 30. Bd3 Nd6 31. Qh6+ Qg7 32. Qf4 Qe7 33. Qh6+ Qg7 34. Qf4 Qe7 {Precision: White = 42%, Black = 41%.} 1/2-1/2

[Event "XVIII Najdorf Open 2018"]
[Site "Warsaw"]
[Date "2018.07.10"]
[Round "3"]
[White "Das, Arghyadip"]
[Black "Dhulipalla, Bala Chandra Prasad"]
[Result "0-1"]
[WhiteElo "2436"]
[BlackElo "2268"]
[Annotator "TA"]
[PlyCount "80"]
[EventDate "2018.07.08"]
[EventCountry "POL"]
[SourceTitle "playchess.com"]
[Source "ChessBase"]
[SourceQuality "1"]

{[%evp 36,80,31,29,26,30,85,84,83,75,110,105,111,130,150,150,181,43,121,133,142,43,150,9,11,-15,0,-170,-180,-418,-431,-415,-413,-461,-425,-702,-232,-500,-500,-495,-482,-489,-489,-481,-483,-483,-483]} 1. e4 e5 2. Nf3 Nc6 3. Bb5 a6 4. Ba4 Nf6 5. O-O Be7 6. Re1 b5 7. Bb3 d6 8. c3 O-O 9. h3 Nb8 10. d4 Nbd7 11. Nbd2 Bb7 12. Bc2 {[%cal Bb3c2,Bc2d3,Bd3f1][%mdl 32]} Re8 13. a4 Bf8 14. Bd3 c6 15. b3 g6 16. Bb2 Bg7 {C95: Spanische Partie (Breyer-Variante)} 17. Qc2 Rc8 18. Bf1 Qc7 19. Rad1 {[#] LiveBook: 6 Partien} d5 $146 ({Vorgänger:} 19... Qb8 20. Qb1 Nf8 21. dxe5 dxe5 22. c4 Ba8 23. axb5 cxb5 {1-0 (41) Areshchenko,A (2654)-Schroeder,J (2507) Grosseto Prugna 2016}) 20. exd5 Nxd5 (20... cxd5 $11 21. dxe5 (21. axb5 axb5 22. dxe5 Nxe5 $14) 21... Nxe5) 21. dxe5 $16 Nxe5 22. Nxe5 Bxe5 {[#]} 23. Rxe5 $1 {[%mdl 512]} Rxe5 ({Doch nicht} 23... Qxe5 $6 24. c4 $11) 24. c4 bxc4 25. bxc4 Nf4 {Schwarz will ...c5 spielen.} 26. c5 ({Besser ist} 26. Nf3 $18 Re6 27. Ng5) 26... Rce8 (26... Re6 $1 $14) 27. Bxe5 Qxe5 28. Nf3 (28. Nc4 $1 $16 {[%cal Rc4e5]} Qxc5 29. Qb2) 28... Qh5 ({Lieber} 28... Qf6 $1 $14) 29. Nh2 (29. Qb2 $1 $16) 29... Bc8 $11 30. Rd6 Qg5 $36 {[%mdl 2048] zielt auf ...Te1 ab. Weiss steht unter Druck.} 31. g4 $2 (31. h4 $11 {und Weiss steht sicher.} Qxh4 32. Qb2) 31... Re1 $19 {Weiss muss nun ...Sxh3+ beachten.} 32. h4 $2 (32. Qd2 Nxh3+ 33. Kg2 Qxd2 34. Rxd2 Nf4+ 35. Kg3) 32... Qxh4 33. Qd2 {[#]} Ne2+ $1 34. Kg2 {[#]} Bxg4 $1 {[%mdl 512] ( -> ...Dh3+)} 35. Rd3 {[#]} (35. Rd8+ $142 Kg7 36. Rd3 Rxf1 37. Nxf1) 35... Rxf1 $2 (35... Rd1 $1 {[%mdl 512]} 36. Qxd1 Nf4+ 37. Kg1 Bxd1 38. Rxd1 Qg5+ 39. Kh1 Qxc5) 36. Nxf1 $2 {[#]} (36. Rd8+ Kg7 37. Qb2+ Kh6 38. Nxg4+ Qxg4+ 39. Kxf1) 36... Bh3+ $1 {[%mdl 512] Schwarz steht klar auf Gewinn.} 37. Rxh3 Nf4+ 38. Kf3 Nxh3 39. Ng3 Ng5+ 40. Ke3 Ne6 {Precision: Weiß = 37%, Schwarz = 47%.} 0-1

[Event "XVIII Najdorf Open 2018"]
[Site "Warsaw"]
[Date "2018.07.10"]
[Round "3"]
[White "Sieciechowicz, Marcin"]
[Black "Alhuwar, Jasem"]
[Result "1-0"]
[WhiteElo "2410"]
[BlackElo "2259"]
[Annotator "TA"]
[PlyCount "79"]
[EventDate "2018.07.08"]
[EventCountry "POL"]
[SourceTitle "playchess.com"]
[Source "ChessBase"]
[SourceQuality "1"]

{[%evp 14,79,34,20,53,20,59,25,37,18,45,-2,-11,-8,0,-15,38,0,0,-60,-39,-65,13,-3,31,39,70,37,55,59,59,51,42,0,16,16,20,22,37,22,27,0,56,66,61,38,59,67,66,60,143,106,117,-32,-15,-24,72,62,57,55,57,31,327,14,32,36,924,889]} 1. d4 Nf6 2. c4 e6 3. Nc3 Bb4 4. e3 O-O 5. Nge2 Re8 6. a3 Bf8 7. Ng3 d6 {E46: Nimzo-Indian: Rubinstein: 4 e3 0-0 5 Ne2 without early Bd3} (7... d5 8. Be2 b6 9. cxd5 exd5 10. O-O Bb7 11. b4 Nbd7 12. Qb3 c6 13. Bf3 a5 14. b5 c5 15. Nxd5 a4 {½-½ (53) Shankland,S (2671)-Ding,L (2778) Liaocheng 2018}) 8. Bd3 {LiveBook: 3 Games} c5 9. O-O $146 ({Predecessor:} 9. dxc5 dxc5 10. Qc2 Nc6 11. Nce4 Ng4 12. Be2 Nge5 13. f4 Nd7 14. Bd2 f5 15. Ng5 {1-0 (48) Graf,A (2475)-Mochalov,E (2440) Azov 1991}) 9... a6 {The position is equal.} 10. b4 b6 11. Bb2 Bb7 12. Qb3 cxd4 13. exd4 d5 14. c5 bxc5 ({Better is} 14... Nbd7 $11) 15. bxc5 Bc6 16. Na4 (16. Qc2 $11) 16... Nbd7 $15 17. Bc3 Qc7 ({Black should play} 17... e5 $15) 18. Rab1 Qf4 19. Nb6 $36 {[%mdl 2048] White has good play.} Ra7 20. Ne2 Qh6 21. Qc2 e5 {[%cal Be6e5,Be5e4][%mdl 32] [#] Hoping for ...e4.} 22. Nxd7 Nxd7 23. Ng3 e4 24. Be2 $1 Qe6 25. Bd2 Be7 26. Rfc1 Bd8 27. f3 f5 (27... Nf6 $11) 28. fxe4 $14 fxe4 29. Be3 Ra8 30. Rf1 Bc7 31. Nf5 Nf6 (31... Rf8 $14 32. Bg4 Kh8) 32. Rf2 Bb5 33. a4 (33. Rbf1 $16 Bd8 34. Bxb5 axb5 35. Nd6) 33... Bd3 $1 $15 {[%cal Rd3c2]} 34. Bxd3 exd3 (34... Ng4 $1 $11 35. Bxe4 (35. Bf1 Bxh2+ 36. Kh1 Rf8 $17) 35... Bxh2+ 36. Kh1 Nxf2+ 37. Qxf2 Qxe4) 35. Qxd3 $16 Ng4 36. Rf3 {aiming for Bf4.} Bxh2+ 37. Kh1 {Threatens to win with Rb7.} Qg6 $2 {[%mdl 8192]} (37... Rab8 $14) 38. Bg1 $2 ({White has to play} 38. Rb7 $18) 38... Bc7 $11 ({Of course not} 38... Bxg1 $6 39. Kxg1 Ne3 40. Rxe3 $16) 39. Rbf1 Re4 $2 {[%mdl 8192] [#]} (39... Rad8 $14) 40. Qxe4 $1 {[%mdl 512] Precision: White = 35%, Black = 17%.} 1-0

[Event "XVIII Najdorf Open 2018"]
[Site "Warsaw"]
[Date "2018.07.10"]
[Round "3"]
[White "Percivaldi, Martin"]
[Black "Zochowski, Kacper"]
[Result "1-0"]
[WhiteElo "2393"]
[BlackElo "2250"]
[Annotator "TA"]
[PlyCount "125"]
[EventDate "2018.07.08"]
[EventCountry "POL"]
[SourceTitle "playchess.com"]
[Source "ChessBase"]
[SourceQuality "1"]

{[%evp 22,125,25,30,133,131,128,119,125,77,153,73,83,68,68,58,95,79,77,5,8,-109,-111,-70,46,81,134,90,63,0,124,74,107,72,97,103,81,90,89,100,284,83,76,8,22,8,81,0,16,11,238,230,234,232,228,217,275,266,267,258,320,328,331,308,307,297,377,352,406,373,380,377,408,408,408,408,380,369,387,400,400,389,394,396,442,280,283,278,271,232,327,319,319,319,287,206,319,319,318,311,305,287,1576,854,777,687]} 1. d4 Nf6 2. c4 e6 3. Nf3 b6 4. g3 Ba6 5. Nbd2 c6 6. Bg2 d5 7. Qc2 Nbd7 8. O-O Be7 9. Rd1 O-O 10. b3 Rc8 11. e4 c5 {E09: Katalanisch} 12. e5 {LiveBook: 7 Partien} cxd4 $146 (12... Ng4 $11) ({Vorgänger:} 12... Ne8 13. Bb2 cxd4 14. Nxd4 b5 15. Rac1 Qb6 16. N4f3 bxc4 17. bxc4 Bxc4 18. Bd4 Qa6 19. Bf1 {½-½ (26) Vallejo Pons,F (2676)-Hera,I (2477) Dresden 2007}) 13. exf6 $16 Bxf6 {Weiß steht deutlich besser.} 14. Ba3 Re8 15. Rac1 e5 (15... b5 $142) 16. Bb2 (16. Qb1 $142) 16... b5 17. Bf1 $1 bxc4 18. bxc4 dxc4 19. Nxc4 ({Viel schlechter ist} 19. Bxc4 $6 Nb6 $11) 19... Bb7 20. Bg2 (20. Nfd2 $16) 20... Nb6 $1 $11 {[%cal Rb6c4]} 21. Nfd2 (21. Qb3 $11 Bd5 22. Nfd2) 21... Bxg2 $17 22. Kxg2 e4 ({Lieber} 22... Nxc4 $15 23. Nxc4 Bg5) 23. Qb3 $14 Nd5 (23... Rb8 $142 24. Qa3 e3 25. fxe3 dxe3 26. Bxf6 Nxc4 27. Nxc4 Qxf6) 24. Nf1 Rb8 25. Qa3 (25. Qa4 $1 $14) 25... Bg5 (25... Nb4 $1 $11 {bleibt in der Remisbreite.}) 26. Rb1 d3 27. Qd6 Qxd6 28. Nxd6 Re6 29. Ba3 Rd8 30. h4 Bh6 $2 (30... Be7 $16 {war angesagt.}) 31. Nb7 $2 (31. Rb7 $18) 31... Rc8 {[#]} 32. Nc5 (32. Rb3 $1 $16) 32... Ree8 $11 {zielt auf ...Sc3 ab.} 33. Rb3 {Mit der Idee Sb7.} g6 {[#]} (33... f5 $11 {hält das Gleichgewicht.}) 34. Nd2 (34. Nb7 $1 $16) 34... e3 {Weiss muss nun ...e2 beachten.} 35. Rxd3 {Sde4 ist eine echte Drohung.} exd2 $2 (35... Nc3 $1 $11 {und Schwarz ist OK.} 36. Rf1 (36. Rxc3 e2 $11) 36... exd2 37. Rxc3 Re1) 36. Rxd5 $18 Re1 37. R1xd2 Bxd2 38. Rxd2 h5 39. Bb2 Kh7 ({Schlechter ist} 39... Rxc5 40. Rd8+ Re8 41. Rxe8+ Kh7 42. Rh8#) 40. Nd7 Re7 41. Nf6+ Kh6 42. Rd5 a6 43. Bd4 Rb7 44. Rd6 Ra8 45. a4 a5 46. Rd5 Rb4 47. Rd7 Rxa4 48. Rxf7 {[%csl Gf6][%cal Rf7h7]} g5 49. hxg5+ Kg6 50. Rd7 Kxg5 {beabsichtigt ...Txd4.} 51. Ne4+ Kf5 52. Nc5 Rc4 53. Rf7+ Kg6 54. Rf6+ Kh7 55. Ne6 Kg8 (55... Rxd4 $142 56. Nxd4 a4) 56. Be5 Re4 57. f4 {[%cal Bf2f4,Bf4f5,Bf5f6][%mdl 32]} a4 58. Nc5 Rc4 (58... Re1 $142 59. Rg6+ Kf8 60. Nd7+ Ke7) 59. Rg6+ Kh7 60. Rg7+ Kh6 61. Nd7 Ra7 $2 (61... Re4) 62. f5 {jetzt Tg6+ und aus.} Rc6 63. f6 {Precision: Weiß = 61%, Schwarz = 34%.} 1-0